000 00521nam a22001937a 4500
003 KOHA_MİRAKIL
005 20250312164939.0
008 250312b tu ||||| |||| 00| 0 tur d
020 _a9786052389188
040 _aTR-AnABB
_btur
_cTR-AnABB
041 _atur
082 _a863.64
_bLAB 2017
100 1 _aLabbe, Carlos,
245 1 0 _aSayıklama /
_cCarlos Labbe
260 _aİstanbul :
_bNotos Kitap,
_c2017
300 _a188 sayfa ;
_c20 cm
650 0 4 _aİspanyol edebiyatı, roman
942 _2ddc
_cBK
999 _c8422
_d8422
900 _bGizem YORULMAZ